Green Food Quiz - Statistics

General Stats
  • This quiz has been taken 48 times
  • The average score is 6 of 7
Answer Stats
Picture Answer % Correct
Broccoli
100%
avocado
98%
pea
98%
Cucumber
96%
asparagus
87%
brussel sprout
85%
green bean
80%
No matching quizzes found
Score Distribution
Percent of People with Each Score
Percentile by Number Answered
Your Score History
You have not taken this quiz